[Geroĭ nashego vremeni M.I︠U︡. Lermontova /

Bibliographic Details
Main Author: Durylin, S. N. (Sergeĭ Nikolaevich), 1877-1954
Format: Book
Language:Russian
Published: Ann Arbor, Mich. : Ardis, 1986.
Subjects:

MARC

Tag First Indicator Second Indicator Subfields
LEADER 00000cam a2200000 a 4500
001 in00000030977
005 20151007054922.0
008 860523r19861940miua b 00010 rus
010 |a  86013998  
020 |a 0882339621 (alk. paper) 
035 |a (OCoLC)13701396 
035 |9 AAB6649AM 
040 |a DLC  |c DLC  |d m/c  |d TXA  |d UtOrBLW 
049 |a TXAM  |c [A11060866] 
050 0 0 |a PG3337.L4  |b G4845 1986 
082 0 |a 891.73/3  |2 19 
100 1 |a Durylin, S. N.  |q (Sergeĭ Nikolaevich),  |d 1877-1954. 
245 1 0 |a [Geroĭ nashego vremeni M.I︠U︡. Lermontova /  |c S. Durylin]. 
264 1 |a Ann Arbor, Mich. :  |b Ardis,  |c 1986. 
300 |a 254 pages :  |b illustrations ;  |c 21 cm. 
336 |a text  |b txt  |2 rdacontent 
337 |a unmediated  |b n  |2 rdamedia 
338 |a volume  |b nc  |2 rdacarrier 
500 |a Reprint. Originally published: Moskva : Gos. uchebno-pedagog. izd- vo Narkomprosa RSFSR, 1940. 
504 |a Includes bibliographical references. 
600 1 0 |a Lermontov, Mikhail I͡Urʹevich,  |d 1814-1841.  |t Geroĭ nashego vremeni. 
999 |a MARS 
999 f f |s dbe9a964-7c6b-3764-b8ad-3d5a5f7c5df7  |i 978e82c8-1be6-36c6-821a-7bb2641c6e8f  |t 0 
952 f f |p ric  |a Texas A&M University  |b Rellis Campus  |c Joint Library Facility  |s JLF  |d Remote Storage  |t 0  |e PG3337.L4 G4845 1986  |h Library of Congress classification  |i unmediated -- volume  |m A14811060866 
998 f f |a PG3337.L4 G4845 1986  |t 0  |l Remote Storage